000
00299nam a2200109Ia 4500
003
GCL
008
140319s9999 xx 000 0 eng d
040
_a
GCL /
_c
GCL
082
0
4
_a
701.85
_b
B T
245
1
0
_a
The Artist's Pointing Library: Colar in Acrylic
260
_a
[S.N] :
_b
Macmillan Publishing Company
999
_c
19301
_d
19301